00629nam a2200109Ia 4500008004100000245003200041300027000073650002800343856005700371999001900428952007200447170517s9999 xx 000 0 und d 4aThe Fall of Lehman Brothers aOn September 15, 2008, the firm filed for Chapter 11 bankruptcy protection following the massive exodus of most of its clients, drastic losses in its stock, and devaluation of its assets by credit rating agencies. The filing marked the largest bankruptcy in U.S.... xBusiness and Economics. uhttp://topdocumentaryfilms.com/fall-lehman-brothers/ c333310d333310 001040aCLbCLd2017-05-17l0r2017-05-17 00:00:00w2017-05-17yDF